000 00526nam a2200157Ia 4500
008 160316s1925 xxu||||| |||| 00| 0 eng d
082 _a340.090000
_bSEN-3
100 _aSen-Gupta Nares Chandra
245 _aEvolution of law - Full Text of This is Available From : http://www.dli.gov.in/scripts/FullindexDefault.htm?path1=/data2/upload/0058/826&first=1&last=200&barcode=4990010204674
250 _a
260 _aCalcutta
_bFirma K L Mukhopadhyay
_c1925
300 _a160p
_b
_c
365 _b
650 _a
700 _a
_a
999 _c18162
_d18162